000 00717nam a2200229Ia 4500
003 OSt
005 20220928102054.0
006 a|||||r|||| 00| 0
007 ta
008 220927b |||||||| |||| 00| 0 eng d
024 _a96074
037 _cTextual
040 _aSDCL
_cSDCL
_beng
041 _2eng
_aeng
082 _aX9(J):75.2'N67t, K9
100 _aIndia, Industrial Licensing Policy Inquiry (Committe)
_9396401
245 0 _aMain Report plus appendices in 4V.
260 _aNew Delhi
_bMinistry of Industrial Development
_c1969
300 _a140p
_ccm.
942 _hX9(J):75.2'N67t, K9
_cTEXL
_2CC
999 _c712128
_d712128